000 00474 a2200157 4500
999 _c3754
_d3754
020 _a9780495104957
050 _aHQ 1206 MAT 2008
100 _aMatlin ,Margaret W.
_eAuthor
245 _aThe psychology of women/
_cMargaret W. Matlin
250 _bInternational student edition
_a6th
264 _aBelmont:
_bThomson Wadsworth;
_cc 2008
300 _axxv,638p.:
_bill.
500 _aIncludes index
650 _aWomen-pyschology
_xGender
942 _2lcc
_cBK
_e6th
_h1206
_iMAT
_kHQ